000 00366nam a2200145Ia 4500
100 _aIndulkar/C.S/ Thiruvengadam/S
650 _aElectrical
942 _cBK
654 _aelectrical
245 _aAn introduction to electrical engineering materials
260 _bS.Chand and Co.
_aNew Delhi
_c1988
082 _a621.3028
_bIND
300 _a395
546 _aENGLISH
999 _c23264
_d23264